000 004890000a22002050004500
999 _c48518
_d48518
001 1351
003 CO-MdFUSB
005 20180409155047.0
008 180409b xxu||||| |||| 00| 0 eng d
020 _a958-04-2184-6
040 _cCO-MdBIC
082 0 4 _a577 B76d
100 1 _aBright, M.
245 1 0 _aLa deforestación tropical / M. Bright
260 _aSanta fé de Bogotá : Norma
300 _a31 P.
500 _aIncluye glosario
650 1 4 _aMEDIO AMBIENTE
942 _cLGB